So sánh ảnh hưởng của một số chất điều hòa sinh trưởng, vi lượng đến năng suất mè đen (Sesamum indicum L.) tại huyện Thới Lai, thành phố Cần Thơ : Luận văn tốt nghiệp Cao học. Chuyên ngành Khoa học cây trồng

Nghiên cứu nhằm tìm ra ảnh hưởng của các chất điều hòa sinh trưởng (NAA, GA3, BL) và nguyên tố vi lượng (Mn, Bo, Se, Mo) lên sinh trưởng và năng suất mè đen (Sesamum indicum L.).

محفوظ في:
التفاصيل البيبلوغرافية
المؤلف الرئيسي: Nguyễn, Trần Quốc Tuấn
التنسيق: كتاب
اللغة:Undetermined
منشور في: Cần Thơ Trường Đại học Cần Thơ 2018
الموضوعات:
الوسوم: إضافة وسم
لا توجد وسوم, كن أول من يضع وسما على هذه التسجيلة!
Thư viện lưu trữ: Trung tâm Học liệu Trường Đại học Cần Thơ
LEADER 01246nam a2200229Ia 4500
001 CTU_229923
008 210402s9999 xx 000 0 und d
082 |a 633.85 
082 |b T502 
088 |a 8620110 
100 |a Nguyễn, Trần Quốc Tuấn 
245 0 |a So sánh ảnh hưởng của một số chất điều hòa sinh trưởng, vi lượng đến năng suất mè đen (Sesamum indicum L.) tại huyện Thới Lai, thành phố Cần Thơ : 
245 0 |b Luận văn tốt nghiệp Cao học. Chuyên ngành Khoa học cây trồng 
245 0 |c Nguyễn Trần Quốc Tuấn ; Lê Vĩnh Thúc (Cán bộ hướng dẫn) 
260 |a Cần Thơ 
260 |b Trường Đại học Cần Thơ 
260 |c 2018 
520 |a Nghiên cứu nhằm tìm ra ảnh hưởng của các chất điều hòa sinh trưởng (NAA, GA3, BL) và nguyên tố vi lượng (Mn, Bo, Se, Mo) lên sinh trưởng và năng suất mè đen (Sesamum indicum L.). 
650 |a Sesame,Mè đen 
650 |x Planting,Kỹ thuật trồng 
910 |b nthai 
980 |a Trung tâm Học liệu Trường Đại học Cần Thơ